书目信息 |
| 题名: |
美国研究读本
|
|
| 作者: | 梅仁毅 主编 | |
| 分册: | ||
| 出版信息: | 外语教研 2002.03 |
|
| 页数: | 637页 | |
| 开本: | 20cm | |
| 丛书名: | ||
| 单 册: | ||
| 中图分类: | H319.4 | |
| 科图分类: | ||
| 主题词: | 英语 | |
| 电子资源: | ||
| ISBN: | 7-5600-2548-X | |
| 000 | 00601nam0 2200229 45 | |
| 001 | 0959957444 | |
| 005 | 20091011164533.53 | |
| 010 | @a7-5600-2548-X@dCNY45.00 | |
| 100 | @a20090515d2002 ekmy0 y0120 ea | |
| 102 | @aCN@b130000 | |
| 102 | @aCN@b110000 | |
| 105 | @ay z 000yy | |
| 200 | 1 | @a美国研究读本@f梅仁毅主编@Fmei ren yi zhu bian |
| 210 | @c外语教研@d2002.03 | |
| 210 | @a北京@c外语教学与研究出版社 | |
| 215 | @a637页@d20cm | |
| 606 | 0 | @a英语 |
| 690 | @aH319.4@v4 | |
| 701 | 0 | @a梅仁毅@Amei ren yi@4主编 |
| 801 | 0 | @aCN@c20091011 |
| 905 | @a10447@dH319.4@eM445 | |
| 906 | @d45@n1@r1 | |
| 美国研究读本/梅仁毅主编.-外语教研,2002.03.-北京:外语教学与研究出版社 |
| 637页;20cm |
| ISBN 7-5600-2548-X:CNY45.00 |
| ● |
| 相关链接 |
|
|
|
正题名:美国研究读本
索取号:H319.4/M445
 
预约/预借
| 序号 | 登录号 | 条形码 | 馆藏地/架位号 | 状态 | 备注 |
| 1 | 896422 | 208964227 | 语言库209/209语言库 47排3列3层/ [索取号:H319.4/M445] | 在馆 | |
| 2 | 896423 | 208964236 | 语言库209/209语言库 47排3列3层/ [索取号:H319.4/M445] | 在馆 |